NLSUI OPAC header image

Determining access to genetic resources and ensuring benefit-sharing: Legal and institutional considerations for states providing genetic resources (Record no. 37448)

MARC details
000 -LEADER
fixed length control field 00494nam a2200157Ia 4500
008 - FIXED-LENGTH DATA ELEMENTS--GENERAL INFORMATION
fixed length control field 160316s9999 xxu||||| |||| 00| 0 eng d
082 ## - DEWEY DECIMAL CLASSIFICATION NUMBER
Classification number 333.950000
Item number GLO
100 ## - MAIN ENTRY--PERSONAL NAME
Personal name Glowka Lyle
245 ## - TITLE STATEMENT
Title Determining access to genetic resources and ensuring benefit-sharing: Legal and institutional considerations for states providing genetic resources
250 ## - EDITION STATEMENT
Edition statement
260 ## - PUBLICATION, DISTRIBUTION, ETC.
Place of publication, distribution, etc. Germany
Name of publisher, distributor, etc. IUCN
Date of publication, distribution, etc. 0
300 ## - PHYSICAL DESCRIPTION
Extent 15
Other physical details
Dimensions
365 ## - TRADE PRICE
Price amount
650 ## - SUBJECT ADDED ENTRY--TOPICAL TERM
Topical term or geographic name entry element 1. Genetic resouces - biodiversity
700 ## - ADDED ENTRY--PERSONAL NAME
Personal name
--
Holdings
Withdrawn status Lost status Damaged status Not for loan Home library Current library Shelving location Date acquired Total Checkouts Full call number Barcode Date last seen Price effective from Koha item type
        . .   30.05.2017   333.95 GLO REP300417 30.05.2017 30.05.2017 Repository